Presunúť bohatstvo na deti je výzva

Problematika medzigeneračného presunu majetku a jeho riadenia. Otázka nástupníctva v rodinnej firme. Odovzdanie riadenia. Holdingy - možnosť efektívnejšieho riadenia viacerých rodinných firiem a presúvania právomocí. Pomoc zo strany family office firiem. Využitie investičného životného poistenia.

Uložené v:
Podrobná bibliografia
Hlavný autor: Makarová, Xénia
Médium: Kapitola
Jazyk:Slovak
Predmet:
Tagy: Pridať tag
Žiadne tagy, Buďte prvý, kto otaguje tento záznam!

MARC

LEADER 00000naa a2200000 4500
001 0198820
005 20231113102623.9
041 0 |a slo 
044 |a SK 
245 1 0 |a Presunúť bohatstvo na deti je výzva  |c Xénia Makarová 
520 |a Problematika medzigeneračného presunu majetku a jeho riadenia. Otázka nástupníctva v rodinnej firme. Odovzdanie riadenia. Holdingy - možnosť efektívnejšieho riadenia viacerých rodinných firiem a presúvania právomocí. Pomoc zo strany family office firiem. Využitie investičného životného poistenia. 
610 2 0 |a podnik rodinný 
610 2 0 |a bohatstvo 
610 2 0 |a riadenie podnikové 
610 2 0 |a rozhodovanie 
610 2 0 |a poistenie životné investičné 
610 2 0 |a dedičstvo 
100 1 |a Makarová, Xénia